000 004570000a22001810004500
003 MACL
005 20160128121915.0
008 160128b xxu||||| |||| 00| 0 eng d
040 _aMACL
_cMACL
041 _aEnglish
082 _a954
100 _aKundra, D N
_934740
245 _aA New Text book of History of India
_bPart 1
260 _bNavdeep Publications
_c1994
_aJalandhar
350 _a50
650 _aHistory
_934772
942 _cBK
_k954/MAT
_2ddc
999 _c31749
_d31749